NLSUI OPAC header image

Technology, learning and innovation : Experiences of newly industrializing economics (Record no. 16497)

MARC details
000 -LEADER
fixed length control field 01908nam a2200217Ia 4500
003 - CONTROL NUMBER IDENTIFIER
control field OSt
005 - DATE AND TIME OF LATEST TRANSACTION
control field 20210902132638.0
008 - FIXED-LENGTH DATA ELEMENTS--GENERAL INFORMATION
fixed length control field 160316s2000 xxu||||| |||| 00| 0 eng d
020 ## - INTERNATIONAL STANDARD BOOK NUMBER
International Standard Book Number 9788526807013
040 ## - CATALOGING SOURCE
Transcribing agency n
082 ## - DEWEY DECIMAL CLASSIFICATION NUMBER
Classification number 338.900000
Item number KIM
100 ## - MAIN ENTRY--PERSONAL NAME
Personal name Kim Linsu
245 ## - TITLE STATEMENT
Title Technology, learning and innovation : Experiences of newly industrializing economics
260 ## - PUBLICATION, DISTRIBUTION, ETC.
Place of publication, distribution, etc. Cambridge
Name of publisher, distributor, etc. Cambridge University Press
Date of publication, distribution, etc. 2000
300 ## - PHYSICAL DESCRIPTION
Extent 377p
Dimensions ix
365 ## - TRADE PRICE
Price amount Rs.695
505 ## - FORMATTED CONTENTS NOTE
Formatted contents note Contents: <br/>Technological change and industrialization in Asia's newly industrializing economies: achievements and challenges / Sanjaya Lall;<br/>Research and development in the industrial development process / Howard Pack;<br/>Business skills and economic development: implications for economies of recent industrialization / David J. Teece;<br/>The innovation systems of East and Southeast Asia: comparison between the growth of the electronic sector promoted by the FEO system and the ETNS / Michael Hobday;<br/>Technological learning and the entry of companies using capital goods in South Korea / KongRae Lee;<br/>International Technological Collaboration: Its Consequences for Newly Industrializing Economies / Geert Duysters and John Hagedoorn;<br/>Policies for Science, Technology and Innovation in Newly Industrializing Asian Economies / Mark Dodgson;<br/>The Role of Science and Technology Policy in Industrial Development from South Korea / Won-Young Lee;<br/>The dynamics of technological learning in the import substitution period and recent structural changes in the industrial sector in Argentina, Brazil and Mexico / Jorge Katz;<br/>The national innovation system Korean in transition / Linsu Kim
650 ## - SUBJECT ADDED ENTRY--TOPICAL TERM
Topical term or geographic name entry element 1. Technological Innovation - Economic Development2. Technological Innovation - Developing Countries 3. Technological Innovation - Status - Developing Countries
700 ## - ADDED ENTRY--PERSONAL NAME
Personal name Nelson Richard R
--
942 ## - ADDED ENTRY ELEMENTS (KOHA)
Source of classification or shelving scheme Dewey Decimal Classification
Koha item type BOOKs
Holdings
Withdrawn status Lost status Damaged status Not for loan Home library Current library Shelving location Date acquired Cost, normal purchase price Total Checkouts Full call number Barcode Date last seen Price effective from Koha item type
        NLS NLS NAB Compactor 30/05/2017 695.00   338.9 KIM 16346 30/05/2017 30/05/2017 BOOKs